000 00463nam a2200169 i 4500
001 29957
003 ES-MaACL
005 20250920063034.0
007 t|
008 030123q19001999fr ||||1| fre d
100 1 _aBarrès, Maurice,
_d1862-1923
_925947
245 1 0 _aPages choisies /
_cMaurice Barrés.
260 _aParís :
_b[s.n.,
_c19--?] (
_fImp. Larousse)
300 _a150 p. ;
_c21 cm.
852 _aES-MaACL
_jT-5817
999 _c29957
_d29957